[Event "Mecklenburg VP-ch Seniors op 06th"]
[Site "Plau am See"]
[Date "2006.10.09"]
[Round "6"]
[White "Kielstein, Hans"]
[Black "Grigoleit, Eckhard"]
[Result "1-0"]
[WhiteElo "1736"]
[BlackElo "1601"]
[PlyCount "39"]
[EventDate "2006.10.04"]
[EventType "swiss"]
[EventRounds "9"]
[EventCountry "GER"]
[SourceTitle "EXT 2022"]
[Source "ChessBase"]
[SourceDate "2021.10.06"]
[SourceVersion "1"]
[SourceVersionDate "2021.10.06"]
[SourceQuality "1"]

1. e4 e5 2. f4 exf4 3. Nf3 Be7 4. Bc4 Nc6 5. d4 d6 6. Bxf4 Bg4 7. 0-0 Nf6 8. Nc3 0-0 9. Qd2 a6 10. Rae1 Na5 11. Bd3 b5 12. Qf2 c5 13. e5 Nh5 14. exd6 Bf6 15. Be5 Bxf3 16. Qxf3 cxd4 17. Bxh7+ Kxh7 18. Qxh5+ Kg8 19. Bxf6 Qb6 20. Nd5 1-0

[Event "Brandenburg Seniors op 13th"]
[Site "Rowy"]
[Date "2004.06.29"]
[Round "8"]
[White "Zarow, Zdzislaw"]
[Black "Grigoleit, Eckhard"]
[Result "1/2-1/2"]
[WhiteElo "1960"]
[BlackElo "1622"]
[PlyCount "87"]
[EventDate "2004.06.21"]
[EventType "swiss"]
[EventRounds "9"]
[EventCountry "POL"]
[SourceTitle "EXT 2006"]
[Source "ChessBase"]
[SourceDate "2005.11.24"]
[SourceVersion "1"]
[SourceVersionDate "2005.11.24"]
[SourceQuality "1"]

1. e4 e5 2. d4 exd4 3. Bc4 Nc6 4. Nf3 d6 5. Nxd4 Nxd4 6. Qxd4 Nf6 7. 0-0 Be7 8. Nc3 0-0 9. Bd2 c5 10. Qd3 a6 11. a4 Nd7 12. f4 Nb6 13. Ba2 Bf6 14. Kh1 Qc7 15. a5 Nd7 16. Nd5 Qd8 17. Nxf6+ Nxf6 18. Bc3 Ne8 19. Rad1 Bd7 20. e5 Bb5 21. Bc4 Bxc4 22. Qxc4 b5 23. axb6 Qxb6 24. e6 Ra7 25. Rfe1 Re7 26. exf7+ Rexf7 27. Re7 Nc7 28. Qa2 d5 29. Rxf7 Rxf7 30. Ba5 Qb7 31. Bxc7 Qxc7 32. Rxd5 h6 33. Rf5 c4 34. Rxf7 Qxf7 35. Qxa6 Qxf4 36. Qe6+ Kh7 37. Qe1 Qd4 38. h3 Kh8 39. b4 c3 40. b5 Qa4 41. Qe8+ Kh7 42. Qe4+ Kh8 43. Qe8+ Kh7 44. Qe2 1/2-1/2

[Event "Brandenburg Seniors op 12th"]
[Site "Rowy"]
[Date "2003.06.23"]
[Round "7"]
[White "Rybak, Jozef"]
[Black "Grigoleit, Eckhard"]
[Result "1-0"]
[WhiteElo "2028"]
[BlackElo "1605"]
[PlyCount "44"]
[EventDate "2003.06.??"]
[EventType "swiss"]
[EventRounds "9"]
[EventCountry "POL"]
[SourceTitle "EXT 2006"]
[Source "ChessBase"]
[SourceDate "2005.11.24"]
[SourceVersion "1"]
[SourceVersionDate "2005.11.24"]
[SourceQuality "1"]

1. d4 d5 2. c4 dxc4 3. e3 Nf6 4. Bxc4 Bf5 5. Qb3 e6 6. Nf3 b6 7. 0-0 Bd6 8. Nc3 0-0 9. Re1 Bg4 10. Nd2 Nbd7 11. Nf1 c5 12. Nb5 Be7 13. d5 Nxd5 14. Bxd5 exd5 15. Qxd5 Be6 16. Qb7 Qc8 17. Qxc8 Raxc8 18. Bd2 a6 19. Nc3 Bf6 20. Ng3 b5 21. Nge4 Be7 22. Ne2 Nf6 1-0

[Event "Brandenburg Seniors op 12th"]
[Site "Rowy"]
[Date "2003.06.22"]
[Round "6"]
[White "Ollek, Karl Heinz"]
[Black "Grigoleit, Eckhard"]
[Result "0-1"]
[WhiteElo "1690"]
[BlackElo "1605"]
[PlyCount "94"]
[EventDate "2003.06.??"]
[EventType "swiss"]
[EventRounds "9"]
[EventCountry "POL"]
[SourceTitle "EXT 2006"]
[Source "ChessBase"]
[SourceDate "2005.11.24"]
[SourceVersion "1"]
[SourceVersionDate "2005.11.24"]
[SourceQuality "1"]

1. c4 e5 2. Nc3 Nf6 3. g3 Bc5 4. e3 0-0 5. Bg2 c6 6. Nge2 d6 7. 0-0 Bg4 8. d4 exd4 9. exd4 Bb6 10. h3 Bd7 11. Be3 Na6 12. Rc1 Qc8 13. Kh2 Re8 14. Na4 Bc7 15. d5 c5 16. Nac3 Rb8 17. Nb5 Ra8 18. Bf4 Bxb5 19. cxb5 Nb8 20. Bg5 Qf5 21. Bxf6 Qxf6 22. Qc2 Nd7 23. b4 Bb6 24. bxc5 Bxc5 25. Nc3 b6 26. Ne4 Qd8 27. f4 Rc8 28. Ng5 Bg1+ 29. Rxg1 Rxc2 30. Rxc2 Nc5 31. Nf3 g6 32. Nd4 Qd7 33. h4 f5 34. Rgc1 Re7 35. Rd1 Kg7 36. a4 Kf6 37. Nc6 Re3 38. a5 bxa5 39. Nxa5 Qxb5 40. Nc6 Qa4 41. Rdd2 a6 42. Ra2 Qc4 43. Rdc2 Qd3 44. Rd2 Qc3 45. Re2 Qd3 46. Red2 Qb1 47. Nd4 Qe1 0-1

[Event "Brandenburg Seniors op 11th"]
[Site "Rowy"]
[Date "2002.06.24"]
[Round "7"]
[White "Grigoleit, Eckhard"]
[Black "Schenk, Dieter"]
[Result "0-1"]
[WhiteElo "1641"]
[BlackElo "1845"]
[PlyCount "72"]
[EventDate "2002.06.??"]
[EventType "swiss"]
[EventRounds "7"]
[EventCountry "POL"]
[SourceTitle "EXT 2006"]
[Source "ChessBase"]
[SourceDate "2005.11.24"]
[SourceVersion "1"]
[SourceVersionDate "2005.11.24"]
[SourceQuality "1"]

1. e4 Nf6 2. Nc3 d5 3. exd5 Nxd5 4. Nxd5 Qxd5 5. Nf3 Bd7 6. b3 Bc6 7. Be2 Nd7 8. Bb2 e5 9. d3 0-0-0 10. 0-0 Be7 11. Re1 g5 12. c4 Qe6 13. Nxe5 Nxe5 14. Bxe5 Bb4 15. Bxh8 Bxe1 16. Qxe1 Rxh8 17. Qd2 h6 18. Qe3 Qf6 19. Rd1 Re8 20. Qd2 Qd4 21. Kf1 Qe5 22. g3 Qe6 23. f3 Qh3+ 24. Kg1 Qe6 25. Kf2 Qh3 26. Rh1 g4 27. Qf4 Rxe2+ 28. Kxe2 Bxf3+ 29. Ke3 Bxh1 30. Qxf7 b6 31. d4 Qxh2 32. Qe8+ Kb7 33. d5 Qxg3+ 34. Kd2 Qd6 35. Kc3 a5 36. a3 g3 0-1

[Event "Brandenburg-ch Seniors 09th"]
[Site "Rowy"]
[Date "2001.06.18"]
[Round "1"]
[White "Miechowicz, Witold"]
[Black "Grigoleit, Eckhard"]
[Result "1/2-1/2"]
[WhiteElo "2075"]
[BlackElo "1684"]
[PlyCount "30"]
[EventDate "2001.06.??"]
[EventType "swiss"]
[EventRounds "7"]
[EventCountry "POL"]
[SourceTitle "EXT 2006"]
[Source "ChessBase"]
[SourceDate "2005.11.24"]
[SourceVersion "1"]
[SourceVersionDate "2005.11.24"]
[SourceQuality "1"]

1. e4 e5 2. Nf3 Nc6 3. Bc4 Nf6 4. d4 exd4 5. 0-0 d6 6. Nxd4 Bd7 7. Nc3 Be7 8. h3 a6 9. a4 Ne5 10. Bb3 c5 11. Nf5 Bxf5 12. exf5 Qd7 13. Nd5 Nxd5 14. Bxd5 0-0 15. c3 Qxf5 1/2-1/2